Brevi nozioni di geografia secondo i vigenti programmi governativi : per la quinta classe elementare

Gespeichert in:
Bibliographische Detailangaben
1. Verfasser: Cerasoli, Ignazio
Format: Buch
Sprache:Italienisch
Erschienen: Lanciano : Carabba Rocco, 1902
Ausgabe:13. ed.
Katalog:EDISCO:  Suchergebnis im Bibliothekskatalog
Schulbuchspezifische Eigenschaften:
Schlagworte:
Tags: Tag hinzufügen
Keine Tags, Fügen Sie den ersten Tag hinzu!
Hinzugefügt zu:30.04.2016
Geändert in:18.10.2017

MARC

LEADER 00000aam a22000001 4500
001 00069
003 OSt
005 20171018092542.0
008 160501s1902 it 000 0 ita
040 |c Antonio Parlati - L'Acquila 
041 1 |a ita 
100 1 |a Cerasoli, Ignazio  |9 49 
245 0 0 |a Brevi nozioni di geografia secondo i vigenti programmi governativi :   |b per la quinta classe elementare /  |c Ignazio Cerasoli 
250 |a 13. ed.   |b accresciuta e migliorata dall'autore con appendice di esercizi pratici 
260 |a Lanciano :  |b Carabba Rocco,  |c 1902 
300 |a 96 p., ill, 1/1 ;   |c in 16° 
510 3 |a cent.40 
546 |a ita 
650 4 |a Geografia  |9 28 
655 |a Sussidiario  |9 190 
690 7 |a Elementare  |x Quinta classe   |9 3677 
901 |a 1 
942 |2 ddc  |c BK 
999 |c 70  |d 70 
999 |c edisco:70  |d 70